000 00370nam a2200145 a 4500
008 030213s1959||||xx 0 und c
040 _aSNK
_bslo
_cSNK
_eAACR2
100 1 _aStendhal
245 1 0 _aHaydnov život
260 _aBratislava
_bSlovenské vydavateľstvo krásnej literatúry
_c1959
300 _a193 s.
044 _axo
_cSK
041 _aslo
020 _c18,20
999 _c15210
_d15210